00617 2200193 4500245007300000020002200073250001100095100002100106700001900127700001700146650001700163005001900180260004100199041001400240084000800254300002500262500012700287336000900414 aHigh School Musical #7 b : Friends 4Ever ?cHapka, CatherinehText a978-979-27-5612-8 aCet. 1 aHapka, Catherine aBulan Hasibuan aAndri Kurnia aNovel Remaja a20231005082650 aJakartabElex Media Komputindoc2008 aIndonesia a813 a112 hlm. :c20.5 cm. aketika ada seorang murid ernama ashley masuk ke east high, grabiella yang punya segudang pengalaman menjadi anak pindahan. atext